000 01001nam a2200313 4500
003 EG-GICUC
005 20260321115751.0
008 260312s1923 uk ||||fr|||| 000 0 eng d
040 _aEG-GiCUC
_beng
_cEG-GiCUC
_dEG-GiCUC
_erda
041 _aeng
_heng
082 0 4 _221
_a341.66
_bNI . D
092 0 4 _221
099 _aLaw 11 341.66 NI . D 1923
100 1 _a Nippold, Otfried
_eAuthor.
245 1 3 _aThe Development of International Law after the World War /
_cBy Otfried Nippold, Amos S. Hershey.
264 1 _aLondon ;
_bThe clarendon,
_c1923.
300 _a241 pages :
_billustrations,
_c24 cm
336 _2rda content
_atext
337 _2rda media
_aComputer
338 _2rda carrier
_aOnline Resource
500 _aIndex included
504 _aBibliography: pages 200-250.
546 _aText in English
650 1 _aPublic international law
_2qrmak
651 1 _2qrmak
856 4 0 _uhttps://fll.law.cu.edu.eg/fulltext/bks/B11-08553.pdf
905 _a31
942 _2ddc
_n0
_cBK
_e21
999 _c66242
_d66242